Statistiques concernant They Shoot Pictures, Don't They? - films 861 à 880

Cliquez ici pour prendre le quiz!

Statistiques générales

  • Ce quiz a été pris 29 fois
  • Le résultat moyen est 4 sur 20

Statistiques - réponses

Réponse% Correct
La Vie d'Adèle
78%
La Grande Évasion
48%
La Femme d'à côté
39%
Starship Troopers
39%
Le Genou de Claire
30%
La Charrette Fantôme
26%
Zabriskie Point
22%
L'Odyssée de l'African Queen
17%
Clueless
13%
Rêves
13%
La Momie
9%
Le Temps des gitans
9%
Assaut
4%
Heimat
4%
Ange
0%
Les Saisons
0%
Margaret
0%
Miracle au village
0%
Toute une nuit
0%
Une riche affaire
0%

Distribution des résultats

Percentile par nombre de réponses

% des personnes avec chaque résultat

Votre développement - résultats

Vous n’avez pas pris ce quiz